000 00887nam a2200265 a 4500
001 BRCA_5463
005 20190320205105.0
008 751125s1913####gw-ac#c###---#000-0#ger-#
041 _ager
044 _agw
050 4 _aND623.F5
_b.F54 1911
245 1 0 _aFra Angelico da Fiesole des Meisters Gemälde
_bin 327 abbildungen
_cherausgegeben von Frida Schottmüller.
260 _aStuttgard, Alemania
_bDeutsche Verlags-Anstalt
_c1911
300 _axxxviii, 249 p.
_bil., 249 p. de láminas
_c25 cm.
440 0 _aKlassiker der Kunst: in gesamtausgaben
_v18
_913956
500 _aEstado físico: Esquinas deterioradas
500 _aEn 327 imagenes
500 _aM43
600 1 4 _aFiesole, Fra Angelico Da
_d1400-1455
_913957
650 1 4 _aPintores italianos
_97654
650 1 4 _apinturas italianas
_912941
700 1 _aScottmüller, Frida
_913958
902 _aGFM
942 _2lcc
_cB
999 _c5157
_d5157